书目信息 |
| 书名: | The Little, Brown compact handbook | |
| 作者: | Jane E. Aaron. | |
| 分册号: | ||
| 分册名: | 出版地: | New York : |
|
| 出版社: | Longman | |
| 出版时间: | c1998. | |
| 页数: | ||
| 开本: | 21 cm. | |
| 丛书名: | ||
| 中图分类号: | ||
| 科图分类号: | ||
| 其他分类号: | D971.25 | |
| 主题词: | ||
| 电子资源: | ||
| 000 | 01126cam a2200325 a 450 | |
| 001 | E0763469837 | |
| 005 | 20070512174037.53 | |
| 008 | 970527s1998 nyua f 001 0 eng | |
| 010 | @a97024793 | |
| 020 | @a0-321-01111-2 :@cUSD25.95. | |
| 035 | @A(DLC) 97024793 | |
| 040 | @aDLC@cDLC@dDLC | |
| 050 | 00 | @aPE1112@b.A23 1998 |
| 082 | 00 | @a808/.042@2 21 |
| 090 | @aD971.25 | |
| 099 | @dD971.25@ex110=5 | |
| 100 | 1 | @aAaron, Jane E. |
| 245 | 14 | @aThe Little, Brown compact handbook / @cJane E. Aaron. |
| 246 | 30 | @aCompact handbook |
| 250 | @a5th ed. | |
| 260 | @aNew York :@bLongman,@cc1998. | |
| 300 | @bill. ;@c21 cm. | |
| 500 | @aIncludes index. | |
| 650 | 0 | @aEnglish language@xGrammar@xHandbooks, manuals, etc. |
| 650 | 0 | @aEnglish language@xRhetoric@xHandbooks, manuals, etc. |
| 710 | 2 | @aLittle, Brown and Company. |
| 906 | @a7@bcbc@corignew@d1@eocip@f19@gy-gencatlg | |
| 920 | @a***LC HAS REQ’D # OF COPIES** | |
| 955 | @apc14 to la00 05-27-97; lj10 to subj 05-27-97; lj02 05-28-97; lj04 05-28-97; CIP ver. pv08 07-10-98 | |
| 991 | @bc-GenColl@hPE1112@i.A23 1998@p00057898616@tCopy 1@wBOOKS | |
| The Little, Brown compact handbook / / Jane E. Aaron.-5th ed.-New York : : Longman, , c1998. |
| ill. ; ; 21 cm. |
| Includes index. |
| ISBN 0-321-01111-2 :USD25.95. |
| ● |
| 相关链接 |
|
|
|
|
正题名:Little, Brown compact handbook
索取号:D971.25/x110=5
 
预约/预借
| 序号 | 登录号 | 条形码 | 馆藏地/架位号 | 状态 | 备注 |
| 1 | 0008340 | 300083406 | 第二样本阅览室/ [索取号:D971.25/x110=5] | 在馆 | |
| 2 | 0008341 | 300083415 | 第四借阅区/ [索取号:D971.25/x110=5] | 在馆 | |
| 3 | 0008342 | 300083424 | 第四借阅区/ [索取号:D971.25/x110=5] | 在馆 |